[Event "Mallorca-chT Preferente"]
[Site "Mallorca"]
[Date "2016.03.19"]
[Round "9.5"]
[White "Rhein, Klaus"]
[Black "Bestard Borras, Miguel"]
[Result "0-1"]
[WhiteElo "2217"]
[BlackElo "2155"]
[PlyCount "104"]
[EventDate "2016.03.01"]
[EventType "team-tourn"]
[EventRounds "9"]
[EventCountry "ESP"]
[SourceTitle "EXT 2024"]
[Source "ChessBase"]
[SourceDate "2023.10.10"]
[SourceVersion "1"]
[SourceVersionDate "2023.10.10"]
[SourceQuality "1"]
[WhiteTeam "Agora Megaescacs"]
[BlackTeam "Can Tiu Alaro Dragonera"]
[WhiteTeamCountry "ESP"]
[BlackTeamCountry "ESP"]

1. e4 c5 2. Nc3 e6 3. Nf3 Nc6 4. d4 cxd4 5. Nxd4 Nf6 6. Be2 Bb4 7. 0-0 Bxc3 8. bxc3 Nxe4 9. Qd3 d5 10. Ba3 f6 11. Qh3 Kf7 12. Nxc6 bxc6 13. Bd3 e5 14. Qe3 Qa5 15. Bb4 Qb6 16. Bxe4 Qxe3 17. Bxd5+ cxd5 18. fxe3 Ba6 19. Rf2 Bc4 20. a4 a5 21. Ba3 Rhc8 22. Rd2 Rab8 23. Rdd1 Rc6 24. Rab1 Rxb1 25. Rxb1 Ba6 26. Rb3 Rc4 27. Bd6 Rxa4 28. Ra3 Rxa3 29. Bxa3 Be2 30. Kf2 Bd1 31. Ke1 Bxc2 32. Kd2 Bb3 33. Kd3 Bc4+ 34. Kd2 h5 35. Ke1 Ke6 36. Kf2 Kf5 37. Kf3 Bd3 38. g3 Bc2 39. Ke2 Ke4 40. Bf8 g6 41. Be7 f5 42. Bd6 Bd3+ 43. Kd2 Bc4 44. Bc5 Kf3 45. Bd6 e4 46. h4 a4 47. Bf4 a3 48. Kc2 Kf2 49. Kb1 Bb3 50. Kc1 Ke2 51. Bd6 a2 52. Kb2 Kd3 0-1

[Event "Palma de Mallorca op 5th"]
[Site "Palma de Mallorca"]
[Date "2016.01.15"]
[Round "8"]
[White "Guerra Bastida, Diego"]
[Black "Rhein, Klaus"]
[Result "1-0"]
[WhiteElo "2299"]
[BlackElo "2217"]
[PlyCount "99"]
[EventDate "2016.01.09"]
[EventType "swiss"]
[EventRounds "9"]
[EventCountry "ESP"]
[SourceTitle "EXT 2017"]
[Source "ChessBase"]
[SourceDate "2016.10.25"]
[SourceVersion "1"]
[SourceVersionDate "2016.10.25"]
[SourceQuality "1"]

1. e4 e6 2. d4 d5 3. Nc3 Nc6 4. Nf3 Nf6 5. e5 Ne4 6. Bd3 Bb4 7. 0-0 Nxc3 8. bxc3 Bxc3 9. Rb1 Bb4 10. Be3 Be7 11. c3 Rb8 12. Re1 Bd7 13. Qc2 Na5 14. Bxh7 Nc4 15. Bc1 Na3 16. Bxa3 Bxa3 17. Bd3 Be7 18. Qd2 b6 19. h3 c5 20. Qf4 c4 21. Bc2 b5 22. a4 b4 23. cxb4 Rxb4 24. Rxb4 Bxb4 25. Rb1 a5 26. Qg4 Kf8 27. Ng5 Qe7 28. h4 f5 29. exf6 gxf6 30. Qf4 Bd6 31. Qf3 Ke8 32. Bg6+ Kf8 33. Nf7 Rg8 34. Nxd6 Rxg6 35. Rb8+ Kg7 36. Qa3 Kh7 37. Rb7 Rg7 38. h5 e5 39. h6 Rf7 40. Qc5 exd4 41. Qxd5 Qe1+ 42. Kh2 Re7 43. Rxd7 Rxd7 44. Qf5+ Kxh6 45. Qh3+ Kg6 46. Qg4+ Kh6 47. Qxd7 Qe5+ 48. g3 Qh5+ 49. Kg2 Qd5+ 50. f3 1-0

[Event "Palma de Mallorca Amic op 1st"]
[Site "Palma de Mallorca"]
[Date "2015.03.27"]
[Round "6"]
[White "Skytte, Rasmus"]
[Black "Rhein, Klaus"]
[Result "1-0"]
[WhiteElo "2407"]
[BlackElo "2182"]
[PlyCount "64"]
[EventDate "2015.03.22"]
[EventType "swiss"]
[EventRounds "9"]
[EventCountry "ESP"]
[SourceTitle "CBM 165 Extra"]
[Source "ChessBase"]
[SourceDate "2015.04.21"]
[SourceVersion "1"]
[SourceVersionDate "2015.04.21"]
[SourceQuality "1"]

1. d4 e6 2. e4 d5 3. Nd2 dxe4 4. Nxe4 Bd7 5. Nf3 Bc6 6. Bd3 Nd7 7. 0-0 Ngf6 8. Ned2 Bxf3 9. Qxf3 c6 10. Nc4 Nb6 11. c3 Nxc4 12. Bxc4 Qc7 13. Re1 Bd6 14. h3 0-0 15. Bg5 Nd5 16. Re4 Be7 17. Bxe7 Qxe7 18. Rae1 Rad8 19. Bb3 c5 20. Re5 Qc7 21. c4 Ne7 22. Rxc5 Qd7 23. Rd1 b6 24. Rg5 h6 25. Re5 Qc7 26. Ree1 Rd6 27. d5 exd5 28. cxd5 Rfd8 29. Qe4 Ng6 30. Rc1 Qd7 31. Rc6 Rc8 32. Ba4 Qd8 1-0

[Event "Calvia Amateur op 9th"]
[Site "Calvia"]
[Date "2012.10.13"]
[Round "8"]
[White "Rhein, Klaus"]
[Black "Gromovs, Sergejs"]
[Result "0-1"]
[WhiteElo "2132"]
[BlackElo "2169"]
[PlyCount "72"]
[EventDate "2012.10.06"]
[EventType "swiss"]
[EventRounds "9"]
[EventCountry "ESP"]
[SourceTitle "EXT 2013"]
[Source "ChessBase"]
[SourceDate "2012.11.22"]
[SourceVersion "1"]
[SourceVersionDate "2012.11.22"]
[SourceQuality "1"]

1. e4 d6 2. Nc3 Nf6 3. d4 g6 4. Be3 c6 5. Be2 Nbd7 6. f4 b5 7. a3 Nb6 8. Nf3 Bg7 9. Nd2 0-0 10. 0-0 Qc7 11. Qe1 a5 12. Qh4 b4 13. Nd1 c5 14. dxc5 dxc5 15. f5 Bb7 16. fxg6 fxg6 17. Nf2 Rad8 18. Nc4 Ba6 19. Bf4 Qa7 20. Nxb6 Bxe2 21. Rfe1 Qxb6 22. Rxe2 bxa3 23. Rxa3 Qxb2 24. Rae3 Nh5 25. Nd3 Nxf4 26. Nxb2 Nxe2+ 27. Rxe2 Bd4+ 28. Rf2 Bxf2+ 29. Qxf2 Rxf2 30. Kxf2 Rd2+ 31. Kf3 Rxc2 32. Na4 Rc4 33. Nb6 Rd4 34. Nc8 Kf8 35. Na7 a4 36. Nb5 a3 0-1

[Event "Calvia Amateur op 9th"]
[Site "Calvia"]
[Date "2012.10.12"]
[Round "7"]
[White "Sgircea, Silvia Raluca"]
[Black "Rhein, Klaus"]
[Result "1/2-1/2"]
[WhiteElo "2255"]
[BlackElo "2132"]
[PlyCount "72"]
[EventDate "2012.10.06"]
[EventType "swiss"]
[EventRounds "9"]
[EventCountry "ESP"]
[SourceTitle "EXT 2013"]
[Source "ChessBase"]
[SourceDate "2012.11.22"]
[SourceVersion "1"]
[SourceVersionDate "2012.11.22"]
[SourceQuality "1"]

1. Nf3 f5 2. d4 e6 3. c4 Nf6 4. g3 Be7 5. Bg2 0-0 6. 0-0 d6 7. Nc3 Qe8 8. Qc2 Qh5 9. Rd1 Nc6 10. d5 Nb4 11. Qa4 Na6 12. dxe6 Nc5 13. Qc2 Nxe6 14. Nd5 Bd8 15. b3 Ne4 16. Bb2 c6 17. Nc3 N6c5 18. b4 Nxc3 19. Qxc3 Bf6 20. Qc2 Bxb2 21. Qxb2 Ne4 22. Nd4 Qg6 23. e3 Rd8 24. b5 Bd7 25. bxc6 bxc6 26. Rab1 Qf7 27. Qc2 Rab8 28. Bxe4 fxe4 29. Qxe4 Rxb1 30. Qxb1 c5 31. Nb5 Bh3 32. Qe4 Rf8 33. Qd5 Be6 34. Qg2 Bh3 35. Qd5 Be6 36. Qg2 Bh3 1/2-1/2

[Event "Mallorca-chT Preferente"]
[Site "Palma de Mallorca"]
[Date "2012.02.18"]
[Round "3.4"]
[White "Cerdo Fernandez, Miguel"]
[Black "Rhein, Klaus"]
[Result "1-0"]
[WhiteElo "1931"]
[BlackElo "2131"]
[PlyCount "113"]
[EventDate "2012.01.28"]
[EventType "team"]
[EventRounds "9"]
[EventCountry "ESP"]
[SourceTitle "EXT 2014"]
[Source "ChessBase"]
[SourceDate "2013.11.20"]
[SourceVersion "1"]
[SourceVersionDate "2013.11.20"]
[SourceQuality "1"]
[WhiteTeam "Tropic"]
[BlackTeam "Agora Megaescacs"]
[WhiteTeamCountry "ESP"]
[BlackTeamCountry "ESP"]

1. e4 c5 2. Nf3 Nc6 3. d4 cxd4 4. Nxd4 e5 5. Nb5 d6 6. N5c3 a6 7. Na3 b5 8. Nd5 Nge7 9. Be3 Nxd5 10. Qxd5 Bb7 11. f3 Qc7 12. Qd2 Be7 13. Be2 0-0 14. 0-0 Rfd8 15. c4 b4 16. Nc2 a5 17. b3 Rd7 18. Bf2 Qd8 19. Rfd1 g6 20. Qe1 f5 21. exf5 gxf5 22. Bd3 Qf8 23. Ne3 Nd4 24. Nd5 Bxd5 25. cxd5 Qf6 26. Bxd4 exd4 27. Qe6+ Qxe6 28. dxe6 Rc7 29. Bxf5 Bg5 30. g3 Be3+ 31. Kg2 Kg7 32. a3 bxa3 33. Rxa3 Rc5 34. g4 Rb8 35. Kg3 h6 36. f4 Bc1 37. Ra4 Rxb3+ 38. Rd3 Rxd3+ 39. Bxd3 Be3 40. Kf3 Kf6 41. f5 d5 42. Ra1 Bd2 43. Rb1 Bb4 44. h4 Rc3 45. Ke2 Rc7 46. Rg1 Rg7 47. Kf3 Bd2 48. Rg2 Bb4 49. Rc2 Bc3 50. Kf4 Rg8 51. Bb5 Rc8 52. g5+ hxg5+ 53. hxg5+ Ke7 54. Re2 d3 55. Bxd3 Rf8 56. Bb5 Rd8 57. f6+ 1-0

[Event "Mallorca-chA"]
[Site "Palma de Mallorca"]
[Date "2011.12.10"]
[Round "7"]
[White "Rhein, Klaus"]
[Black "Planas Gene, Juan"]
[Result "1/2-1/2"]
[WhiteElo "2126"]
[BlackElo "2105"]
[PlyCount "154"]
[EventDate "2011.10.29"]
[EventType "swiss"]
[EventRounds "8"]
[EventCountry "ESP"]
[SourceTitle "EXT 2014"]
[Source "ChessBase"]
[SourceDate "2013.11.20"]
[SourceVersion "1"]
[SourceVersionDate "2013.11.20"]
[SourceQuality "1"]

1. e4 e5 2. Bc4 Nf6 3. d3 Nc6 4. Nf3 Be7 5. 0-0 0-0 6. Re1 d6 7. c3 Na5 8. Bb5 a6 9. Ba4 b5 10. Bc2 c5 11. Nbd2 Nc6 12. Nf1 Re8 13. Ng3 g6 14. h3 Bf8 15. Bg5 h6 16. Be3 Bg7 17. a4 Bb7 18. Nh2 Qe7 19. Ng4 Nxg4 20. hxg4 Qh4 21. Nf1 Ne7 22. f3 f5 23. gxf5 gxf5 24. axb5 axb5 25. Bb3+ Kh8 26. Be6 f4 27. Bf2 Qf6 28. Qb3 c4 29. Bxc4 bxc4 30. Qxb7 Rab8 31. Qa6 Rxb2 32. dxc4 Rg8 33. Ra2 Rbb8 34. Ba7 Rbc8 35. Rd2 Rc6 36. Qb5 Rgc8 37. Red1 Qe6 38. c5 dxc5 39. Rd8+ Kh7 40. R8d7 Bf6 41. Nh2 h5 42. Qb7 Kg6 43. Rb1 Rd6 44. Rd1 Rxd1+ 45. Rxd1 Qc6 46. Qxc6 Rxc6 47. Bb8 Rc8 48. Ba7 Rc7 49. Bb6 Rc6 50. Bd8 Kf7 51. Bxe7 Bxe7 52. Nf1 c4 53. Rd5 Ke6 54. Nd2 Ba3 55. Ra5 Bc1 56. Ra2 Bxd2 57. Rxd2 Rd6 58. Ra2 Rd3 59. Ra6+ Kd7 60. Ra3 Kc6 61. Kh2 Kb5 62. Kh3 Rd1 63. g4 fxg3 64. Kxg3 Rb1 65. Ra8 Rb3 66. Re8 h4+ 67. Kxh4 Rxc3 68. Rxe5+ Kc6 69. Kg4 Rd3 70. Rh5 c3 71. Rh1 c2 72. Rc1 Rc3 73. f4 Kd6 74. Kf5 Ke7 75. e5 Rc4 76. Kg4 Ke6 77. Kf3 Kf5 1/2-1/2

[Event "Mallorca-chA"]
[Site "Palma de Mallorca"]
[Date "2011.11.26"]
[Round "6"]
[White "Munoz Visiedo, Juan Carlos"]
[Black "Rhein, Klaus"]
[Result "1/2-1/2"]
[WhiteElo "2146"]
[BlackElo "2126"]
[PlyCount "146"]
[EventDate "2011.10.29"]
[EventType "swiss"]
[EventRounds "8"]
[EventCountry "ESP"]
[SourceTitle "EXT 2014"]
[Source "ChessBase"]
[SourceDate "2013.11.20"]
[SourceVersion "1"]
[SourceVersionDate "2013.11.20"]
[SourceQuality "1"]

1. Nf3 g6 2. e4 c5 3. d4 Bg7 4. Nc3 cxd4 5. Nxd4 Nc6 6. Be3 Nf6 7. Be2 0-0 8. 0-0 d6 9. h3 a6 10. Qd2 Nxd4 11. Bxd4 b5 12. Bf3 e5 13. Be3 Bb7 14. Bg5 Qc7 15. Rfd1 Rfd8 16. a3 Rd7 17. Bxf6 Bxf6 18. Nd5 Bxd5 19. Qxd5 Rdd8 20. c3 Qb6 21. g3 Rac8 22. Qb3 Kg7 23. Rd5 Rc5 24. Rad1 Rxd5 25. Rxd5 Rc8 26. a4 Rc5 27. axb5 axb5 28. Be2 b4 29. Rd1 Be7 30. cxb4 Rc7 31. Bc4 f5 32. exf5 gxf5 33. Be6 f4 34. gxf4 Bh4 35. Qf3 Kh6 36. fxe5 Rg7+ 37. Bg4 dxe5 38. Qf8 Be7 39. Qe8 Qg6 40. Qxg6+ Rxg6 41. Rd5 Bd6 42. b5 Kg5 43. b6 Bb8 44. b7 Rb6 45. Rd7 h5 46. Bf3 Rxb2 47. Rd8 Ba7 48. Ra8 e4 49. Bxe4 Bxf2+ 50. Kf1 Bg3 51. Bc6 Rb6 52. Ra5+ Kf6 53. Bf3 h4 54. Rh5 Ke7 55. Bg4 Kd6 56. Rh7 Kc6 57. Bf3+ Kc5 58. Ke2 Kc4 59. Ke3 Kb5 60. Rh5+ Kc4 61. Be2+ Kb4 62. Bf3 Kc4 63. Ra5 Kb4 64. Ra2 Kc3 65. Rg2 Kc4 66. Rxg3 hxg3 67. Kf4 Kc5 68. Kxg3 Kd6 69. Kf4 Ke7 70. Ke5 Kf7 71. Bc6 Rxb7 72. Bxb7 Kg7 73. Kf5 Kh8 1/2-1/2

[Event "Mallorca-chA"]
[Site "Palma de Mallorca"]
[Date "2011.11.05"]
[Round "2"]
[White "Nadal Marti, Bernardo Pedro"]
[Black "Rhein, Klaus"]
[Result "0-1"]
[WhiteElo "2121"]
[BlackElo "2126"]
[PlyCount "98"]
[EventDate "2011.10.29"]
[EventType "swiss"]
[EventRounds "8"]
[EventCountry "ESP"]
[SourceTitle "EXT 2014"]
[Source "ChessBase"]
[SourceDate "2013.11.20"]
[SourceVersion "1"]
[SourceVersionDate "2013.11.20"]
[SourceQuality "1"]

1. d4 g6 2. c4 Bg7 3. e4 c5 4. d5 d6 5. Nc3 e5 6. Be3 Nf6 7. f3 a6 8. Bd3 Nbd7 9. Qd2 0-0 10. Nge2 Nh5 11. g4 Nf4 12. Nxf4 exf4 13. Bxf4 Ne5 14. Be2 Bd7 15. 0-0 f5 16. exf5 gxf5 17. g5 Qe8 18. a4 Qg6 19. Kh1 Rfe8 20. Rae1 Re7 21. Rb1 Qe8 22. b4 b6 23. bxc5 bxc5 24. a5 Qd8 25. Rb6 Be8 26. Rfb1 Rd7 27. Qc2 Ng6 28. Bd2 Rf7 29. Bd3 Nh4 30. Rf1 Bf8 31. Nd1 Bd7 32. f4 Qe8 33. Bc3 Ba4 34. Qf2 Bxd1 35. Rxd1 Ng6 36. Re1 Qd7 37. Re6 Be7 38. h4 Nf8 39. Qe3 Re8 40. Rbxd6 Bxd6 41. Rxe8 Qa4 42. Rd8 Qd1+ 43. Kg2 Re7 44. Qf3 Qc1 45. Rxd6 Qxc3 46. Rxa6 Qd2+ 47. Kg1 Re3 48. Qh5 Rg3+ 49. Kf1 Qxd3+ 0-1

[Event "Palma de Mallorca op 3rd"]
[Site "Palma de Mallorca"]
[Date "2008.12.07"]
[Round "2"]
[White "Rhein, Klaus"]
[Black "Morant Sampol, Jaime"]
[Result "1-0"]
[WhiteElo "2164"]
[BlackElo "1885"]
[PlyCount "37"]
[EventDate "2008.12.06"]
[EventType "swiss"]
[EventRounds "9"]
[EventCountry "ESP"]
[SourceTitle "CBM 127 Extra"]
[Source "ChessBase"]
[SourceDate "2009.01.08"]
[SourceVersion "2"]
[SourceVersionDate "2009.01.28"]
[SourceQuality "1"]

1. e4 e6 2. d4 d5 3. Nc3 Bb4 4. e5 c5 5. Qg4 Ne7 6. dxc5 Bxc3+ 7. bxc3 Ng6 8. Nf3 Qc7 9. h4 Nd7 10. Be3 Ndxe5 11. Nxe5 Qxe5 12. Bb5+ Bd7 13. Bxd7+ Kxd7 14. Qa4+ Ke7 15. Qb4 f5 16. Qxb7+ Kf6 17. 0-0 Qxc3 18. Bg5+ Ke5 19. Qxg7+ 1-0

[Event "Palma de Mallorca op 3rd"]
[Site "Palma de Mallorca"]
[Date "2008.12.06"]
[Round "1"]
[White "Arutinian, David"]
[Black "Rhein, Klaus"]
[Result "1-0"]
[WhiteElo "2584"]
[BlackElo "2164"]
[PlyCount "67"]
[EventDate "2008.12.06"]
[EventType "swiss"]
[EventRounds "9"]
[EventCountry "ESP"]
[SourceTitle "CBM 127 Extra"]
[Source "ChessBase"]
[SourceDate "2009.01.08"]
[SourceVersion "2"]
[SourceVersionDate "2009.01.28"]
[SourceQuality "1"]

1. d4 d6 2. e4 g6 3. Nc3 Bg7 4. Nge2 a6 5. a4 b6 6. g3 Bb7 7. Bg2 Nd7 8. 0-0 e6 9. Be3 h6 10. Qd2 Ne7 11. h3 Rb8 12. Rad1 d5 13. exd5 Nxd5 14. Nxd5 Bxd5 15. Bxd5 exd5 16. Rfe1 Nf6 17. Nc3 Kf8 18. Bf4 Qd7 19. Kg2 Kg8 20. Qe2 Kh7 21. Qxa6 Nh5 22. Bc1 c5 23. Qb5 Rhd8 24. Qxd7 Rxd7 25. Nb5 Ra8 26. b3 c4 27. Ba3 cxb3 28. cxb3 Nf6 29. Rc1 Ne4 30. Rc6 Rb8 31. h4 h5 32. f3 Nf6 33. Bd6 Rbb7 34. Bc7 1-0

[Event "Calvia op 3rd"]
[Site "Calvia"]
[Date "2006.10.28"]
[Round "9"]
[White "Rhein, Klaus"]
[Black "Pechy, Alaster"]
[Result "1/2-1/2"]
[WhiteElo "2082"]
[BlackElo "2176"]
[PlyCount "73"]
[EventDate "2006.10.20"]
[EventType "swiss"]
[EventRounds "9"]
[EventCountry "ESP"]
[SourceTitle "EXT 2007"]
[Source "ChessBase"]
[SourceDate "2006.11.23"]
[SourceVersion "1"]
[SourceVersionDate "2006.11.23"]
[SourceQuality "1"]

1. e4 d6 2. d4 Nf6 3. Nc3 e5 4. Nf3 Nbd7 5. g4 Nxg4 6. Rg1 Ngf6 7. Bc4 exd4 8. Nxd4 Ne5 9. Be2 h6 10. Be3 Bd7 11. f4 Nc6 12. Nxc6 Bxc6 13. Qd4 Nd7 14. 0-0-0 Qf6 15. Qd2 Nc5 16. Bxc5 dxc5 17. Nb5 Qe7 18. e5 h5 19. Qe3 a6 20. Nc3 Rd8 21. Bf3 Rxd1+ 22. Rxd1 Bxf3 23. Qxf3 c6 24. Ne4 Qc7 25. Qe3 Be7 26. Nd6+ Kf8 27. Qxc5 Rh6 28. f5 Bxd6 29. exd6 Qd7 30. Qe5 Rf6 31. b3 b6 32. h4 c5 33. Rd5 a5 34. a4 Rh6 35. Kb2 Rf6 36. Kc1 Rh6 37. Kb2 1/2-1/2

[Event "Calvia op 3rd"]
[Site "Calvia"]
[Date "2006.10.23"]
[Round "4"]
[White "Gonzales, Jayson"]
[Black "Rhein, Klaus"]
[Result "1-0"]
[WhiteElo "2418"]
[BlackElo "2082"]
[PlyCount "98"]
[EventDate "2006.10.20"]
[EventType "swiss"]
[EventRounds "9"]
[EventCountry "ESP"]
[SourceTitle "EXT 2007"]
[Source "ChessBase"]
[SourceDate "2006.11.23"]
[SourceVersion "1"]
[SourceVersionDate "2006.11.23"]
[SourceQuality "1"]

1. c4 c5 2. g3 g6 3. Bg2 Bg7 4. Nc3 d6 5. e3 Nc6 6. Nge2 Nf6 7. d3 0-0 8. 0-0 Bd7 9. h3 Rb8 10. a3 a6 11. Rb1 b5 12. cxb5 axb5 13. b4 cxb4 14. axb4 Qc8 15. Kh2 e5 16. e4 Ne7 17. Bg5 h6 18. Be3 Be6 19. Qd2 Kh7 20. Ra1 Nc6 21. Rfc1 Qd7 22. Nd5 Bxd5 23. exd5 Nd4 24. Bxd4 exd4 25. Ra6 Rfd8 26. Kg1 Ne8 27. Rcc6 Rb7 28. Nc1 Nc7 29. Rab6 Rxb6 30. Rxb6 Ra8 31. Qe2 Ne8 32. Nb3 Ra4 33. Na5 Rxb4 34. Rb7 Qf5 35. Re7 Ra4 36. Nb3 Nf6 37. Rxf7 Ra8 38. Qe7 Rg8 39. Nxd4 Qxd3 40. Ne6 Ne8 41. Qa7 Kh8 42. Nf4 Qb1+ 43. Kh2 Qc2 44. Kg1 Qb1+ 45. Kh2 Qc2 46. Qb7 Nf6 47. Ne6 Ne8 48. Qxb5 h5 49. Qb7 Qb2 1-0

[Event "Calvia op 3rd"]
[Site "Calvia"]
[Date "2006.10.22"]
[Round "3"]
[White "Rhein, Klaus"]
[Black "Rivera Kuzawka, Daniel"]
[Result "1/2-1/2"]
[WhiteElo "2082"]
[BlackElo "2309"]
[PlyCount "32"]
[EventDate "2006.10.20"]
[EventType "swiss"]
[EventRounds "9"]
[EventCountry "ESP"]
[SourceTitle "EXT 2007"]
[Source "ChessBase"]
[SourceDate "2006.11.23"]
[SourceVersion "1"]
[SourceVersionDate "2006.11.23"]
[SourceQuality "1"]

1. e4 c5 2. Nc3 Nc6 3. f4 g6 4. Nf3 Bg7 5. Bc4 e6 6. f5 Nge7 7. fxe6 fxe6 8. a3 d5 9. Ba2 0-0 10. 0-0 c4 11. Kh1 Rb8 12. d3 b5 13. Qe1 dxe4 14. dxe4 Ne5 15. Be3 Qc7 16. Qg3 N7c6 1/2-1/2

[Event "Calvia op 3rd"]
[Site "Calvia"]
[Date "2006.10.20"]
[Round "1"]
[White "Caruana, Fabiano"]
[Black "Rhein, Klaus"]
[Result "1-0"]
[WhiteElo "2474"]
[BlackElo "2082"]
[PlyCount "93"]
[EventDate "2006.10.20"]
[EventType "swiss"]
[EventRounds "9"]
[EventCountry "ESP"]
[SourceTitle "EXT 2007"]
[Source "ChessBase"]
[SourceDate "2006.11.23"]
[SourceVersion "1"]
[SourceVersionDate "2006.11.23"]
[SourceQuality "1"]

1. e4 c5 2. Nf3 e6 3. d4 cxd4 4. Nxd4 Nc6 5. Nc3 Qc7 6. Be3 a6 7. Bd3 Nf6 8. 0-0 Ne5 9. Nf3 Nfg4 10. Nxe5 Nxe3 11. Qh5 g6 12. Qf3 Qxe5 13. fxe3 f6 14. Qxf6 Qxf6 15. Rxf6 Bg7 16. Rf3 b5 17. Nd1 Rb8 18. Rc1 Ke7 19. b3 Bb7 20. Nf2 Bc3 21. Rf1 Rbf8 22. Nh3 Bc6 23. Nf4 g5 24. Ne2 Be5 25. Nd4 g4 26. Rxf8 Rxf8 27. Rxf8 Kxf8 28. b4 Ke7 29. c4 bxc4 30. Bxc4 Bb7 31. Nb3 Bxe4 32. Nc5 Bb1 33. a4 Bc3 34. Nxa6 d5 35. Be2 d4 36. exd4 Bxd4+ 37. Kf1 Bc2 38. a5 h5 39. Nc5 Bxc5 40. bxc5 Kd7 41. Bb5+ Kc7 42. a6 Be4 43. g3 Bd5 44. Kf2 e5 45. Ke3 Ba8 46. Bd3 Bd5 47. Be4 1-0

[Event "Calvia op 2nd"]
[Site "Calvia"]
[Date "2005.10.21"]
[Round "1"]
[White "Vera Gonzalez Quevedo, Reynaldo"]
[Black "Rhein, Klaus"]
[Result "1-0"]
[WhiteElo "2481"]
[BlackElo "2111"]
[PlyCount "67"]
[EventDate "2005.10.21"]
[EventType "swiss"]
[EventRounds "9"]
[EventCountry "ESP"]
[SourceTitle "EXT 2006"]
[Source "ChessBase"]
[SourceDate "2005.11.24"]
[SourceVersion "1"]
[SourceVersionDate "2005.11.24"]
[SourceQuality "1"]

1. d4 Nf6 2. c4 e6 3. Nc3 c5 4. d5 exd5 5. cxd5 d6 6. e4 g6 7. f4 Bg7 8. Bb5+ Nfd7 9. Be2 0-0 10. Nf3 Na6 11. 0-0 Nc7 12. Kh1 Nf6 13. a4 Bg4 14. h3 Bxf3 15. Bxf3 Rb8 16. e5 Nd7 17. e6 Nf6 18. Re1 Re8 19. f5 gxf5 20. Bf4 fxe6 21. dxe6 Rxe6 22. Rxe6 Nxe6 23. Bxd6 Nd4 24. Bxb8 Qxb8 25. Qd3 Nd7 26. Re1 Ne5 27. Bd5+ Kh8 28. Qg3 a6 29. Qg5 b5 30. axb5 h6 31. Qh5 Nxb5 32. Nxb5 Qxb5 33. Qxf5 Qxb2 34. Rg1 1-0